Counties of the United Kingdom - Statistics

General Stats
  • This quiz has been taken 699 times
    686 since last reset
  • The average score is 41 of 170
Answer Stats
Hint Answer % Correct
England Greater London
82%
England Cornwall
73%
England Greater Manchester
72%
England Devon
71%
England Essex
69%
England Kent
69%
England Cambridgeshire
60%
England Oxfordshire
59%
England Cumbria
58%
England Norfolk
58%
England Nottingham
57%
England Somerset
57%
Scotland Glasgow City
55%
England Hampshire
55%
England Lancashire
55%
England Suffolk
55%
England City of Bristol
54%
England Northumberland
54%
Scotland City of Edinburgh
53%
England Derby
53%
England East Sussex
53%
England Leicester
53%
England West Sussex
53%
England York
53%
England Dorset
52%
England Lincolnshire
52%
Scotland Aberdeen City
51%
Wales Cardiff
51%
England North Yorkshire
50%
England South Yorkshire
50%
England Surrey
50%
England West Yorkshire
50%
Northern Ireland Belfast
49%
England Buckinghamshire
49%
England Gloucestershire
49%
England Merseyside
49%
England County Durham
48%
England County of Herefordshire
48%
England Hertfordshire
48%
England Bedford
47%
England East Riding of Yorkshire
46%
England West Midlands
44%
England Staffordshire
43%
England Warwickshire
43%
England Northamptonshire
42%
England Worcestershire
42%
England Shropshire
41%
England Tyne and Wear
41%
England Wiltshire
40%
Northern Ireland Derry
39%
Wales Swansea
39%
England Isle of Wight
38%
England Rutland
38%
Scotland Highland
29%
England Cheshire West and Chester
28%
Scotland Dundee City
27%
Scotland Perth and Kinross
27%
Scotland Shetland Islands
27%
Scotland Orkney Islands
26%
Northern Ireland Armagh
24%
England Bath and North East Somerset
24%
England Leicestershire
24%
England Nottinghamshire
24%
England Southampton
24%
Northern Ireland Antrim
23%
England Brighton and Hove
23%
Wales Newport
23%
Wales Pembrokeshire
23%
England Central Bedfordshire
22%
England Derbyshire
22%
Scotland West Lothian
22%
Scotland Dumfries and Galloway
21%
Scotland East Lothian
21%
Scotland Fife
21%
Wales Isle of Anglesey
21%
England Plymouth
21%
Wales Powys
21%
Scotland Aberdeenshire
20%
England Portsmouth
20%
Wales Monmouthshire
19%
Scotland Scottish Borders
19%
Scotland Stirling
19%
England City of Kingston upon Hull
18%
Wales Wrexham
18%
Northern Ireland Down
17%
Wales Gwynedd
17%
England Reading
17%
Scotland Angus
16%
Scotland Argyll and Bute
16%
Scotland Midlothian
16%
Wales Carmarthenshire
15%
Scotland Eilean Siar
14%
Northern Ireland Fermanagh
14%
Wales Flintshire
14%
England Stoke-on-Trent
14%
England Bournemouth
13%
Wales Ceredigion
13%
Scotland Renfrewshire
13%
Scotland Falkirk
12%
Wales Conwy
11%
Wales Denbighshire
11%
England Luton
11%
Scotland Moray
11%
Scotland South Ayrshire
11%
England Blackpool
10%
Scotland North Ayrshire
10%
Scotland North Lanarkshire
10%
England Peterborough
10%
Scotland South Lanarkshire
10%
England Swindon
10%
Wales Caerphilly
9%
Scotland East Ayrshire
9%
England Milton Keynes
9%
England Slough
9%
Wales The Vale of Glamorgan
9%
Wales Bridgend
8%
Scotland Clackmannanshire
8%
Scotland East Dunbartonshire
8%
England Middlesbrough
8%
England Redcar and Cleveland
8%
Scotland West Dunbartonshire
8%
Scotland East Renfrewshire
7%
Scotland Inverclyde
7%
Northern Ireland Lisburn
7%
Wales Merthyr Tydfil
7%
Wales Neath Port Talbot
7%
Northern Ireland Omagh
7%
Wales Torfaen
7%
England Blackburn with Darwen
6%
Wales Blaenau Gwent
6%
England Cheshire East
6%
England Isles of Scilly
6%
Northern Ireland Newry and Mourne
6%
Wales Rhondda Cynon Taf
6%
England Southend-on-Sea
6%
England West Berkshire
6%
England Windsor and Maidenhead
6%
England Darlington
5%
England Hartlepool
5%
England North Lincolnshire
5%
England Poole
5%
England Telford and Wrekin
5%
England Warrington
5%
England Bracknell Forest
4%
Northern Ireland Coleraine
4%
Northern Ireland Larne
4%
England Medway
4%
England North East Lincolnshire
4%
England North Somerset
4%
England South Gloucestershire
4%
England Stockton-on-Tees
4%
England Wokingham
4%
Northern Ireland Ballymena
3%
England Thurrock
3%
England Torbay
3%
Northern Ireland Ards
2%
Northern Ireland Ballymoney
2%
Northern Ireland Banbridge
2%
Northern Ireland Carrickfergus
2%
Northern Ireland Cookstown
2%
Northern Ireland Craigavon
2%
Northern Ireland Dungannon and South Tyrone
2%
England Halton
2%
Northern Ireland Limavady
2%
Northern Ireland Newtownabbey
2%
Northern Ireland North Down
2%
Northern Ireland Strabane
2%
Northern Ireland Castlereagh
1%
Northern Ireland Magherafelt
1%
Northern Ireland Moyle
1%
No matching quizzes found
Score Distribution
Percent of People with Each Score
Percentile by Number Answered
Your Score History
You have not taken this quiz since the last reset